00373nam a2200145Ia 4500008004100000020001500041041000800056082001700064100001900081245005200100250000600152260003900158300001200197650001800209210716s2012 xx 000 0 und d a8178083760 aeng a005.133 SUMS aSummit, Steve. aC programming faqs: frequently asked qoestions. a1 aNew DelhibPearson Educationc2012 axli,389 aC Programming